000
00311 a2200157 4500
001
169266
020
_a
040
_c
Magnum
100
_a
Camargo, Luiz O. Lima
240
1
0
_a
O que e lazer
_l
por
245
1
0
_a
O que e lazer
362
0
_a
1899
440
1
_a
Brasiliense
697
_a
ENSINO
942
_c
BK
999
_c
169266
_d
169266